000 00751nam a2200229Ia 4500
005 20220317001214.0
008 160825s2004 ck a g 000 0 spa
020 _a9580220174
082 0 4 _a304.8 G65d
_bG65d
100 1 _aGonzález Jiménez, Juan Carlos
245 1 0 _aDesplazamiento forzado y migración humana
_cJuan Carlos González Jiménez
250 _a1a. edición
300 _a80 páginas
_bilustraciones
_c23 cm
490 _aBiblioteca de ciencias sociales
650 1 4 _2LEMB
_aDesplazados por la violencia
942 _2ddc
_cBK
264 _aBogotá
_bVoluntad
_c2004
336 _atexto
_btxt
_2rdacontent
337 _asin mediación
_bn
_2rdamedia
338 _avolumen
_bnc
_2rdacarrier
040 _aCO-BoRNBP
_bspa
_erda
_cCO-BoRNBP
999 _c6237
_d6237